<?xml version="1.0" encoding="UTF-8"?>
<record
    xmlns:xsi="http://www.w3.org/2001/XMLSchema-instance"
    xsi:schemaLocation="http://www.loc.gov/MARC21/slim http://www.loc.gov/standards/marcxml/schema/MARC21slim.xsd"
    xmlns="http://www.loc.gov/MARC21/slim">

  <leader>00318nam a22000977a 4500</leader>
  <controlfield tag="008">150625b        xxu||||| |||| 00| 0 eng d</controlfield>
  <datafield tag="010" ind1=" " ind2=" ">
    <subfield code="8">HCCRSARF:010</subfield>
  </datafield>
  <datafield tag="245" ind1=" " ind2=" ">
    <subfield code="a">HIGH COURT CRIMINAL SESSION NO.396 OF 1970 Uganda Vs Isaac Murumbi alias Oburuk</subfield>
  </datafield>
  <datafield tag="260" ind1=" " ind2=" ">
    <subfield code="a">High Court Kampala</subfield>
  </datafield>
  <datafield tag="500" ind1=" " ind2=" ">
    <subfield code="3">BEFORE: Hon. Mr. Justice D.J. Jones</subfield>
  </datafield>
  <datafield tag="999" ind1=" " ind2=" ">
    <subfield code="c">6820</subfield>
    <subfield code="d">6820</subfield>
  </datafield>
  <datafield tag="952" ind1=" " ind2=" ">
    <subfield code="0">0</subfield>
    <subfield code="1">0</subfield>
    <subfield code="2">ddc</subfield>
    <subfield code="4">0</subfield>
    <subfield code="6">HCCRSARF_010</subfield>
    <subfield code="7">0</subfield>
    <subfield code="9">12901</subfield>
    <subfield code="a">ARC</subfield>
    <subfield code="b">ARC</subfield>
    <subfield code="c">ARC</subfield>
    <subfield code="d">2015-06-25</subfield>
    <subfield code="l">0</subfield>
    <subfield code="o">HCCRSARF:010</subfield>
    <subfield code="p">1229/2015</subfield>
    <subfield code="r">2015-06-25 00:00:00</subfield>
    <subfield code="w">2015-06-25</subfield>
    <subfield code="y">URC</subfield>
    <subfield code="z">Judgement entered on 5th/August/1970</subfield>
  </datafield>
</record>
